अमृत-सन्तान / (Record no. 148479)
[ view plain ]
| 000 -LEADER | |
|---|---|
| fixed length control field | 01530nam a22002537a 4500 |
| 005 - DATE AND TIME OF LATEST TRANSACTION | |
| control field | 20171227135049.0 |
| 010 ## - LCCN (DPL NO) | |
| LC control number | B-685434 |
| 020 ## - INTERNATIONAL STANDARD BOOK NUMBER | |
| International Standard Book Number | 8126021535 |
| Terms of availability | 250.00 |
| 035 ## - SYSTEM CONTROL NUMBER | |
| System control number | B-685434 |
| 037 ## - SOURCE OF ACQUISITION | |
| Source of stock number/acquisition | नार्थ इण्डिया पब्लिशर्स |
| 082 ## - DEWEY DECIMAL CLASSIFICATION NUMBER | |
| Classification number | उ |
| 100 ## - MAIN ENTRY--PERSONAL NAME | |
| Personal name | महांती, गोपीनाथ |
| 245 ## - TITLE STATEMENT | |
| Title | अमृत-सन्तान / |
| Statement of responsibility, etc | गोपीनाथ महांती; युगजीत नवलपुरी द्वारा अनुदित |
| 246 ## - VARYING FORM OF TITLE | |
| Title proper/short title | Amrit-santaan |
| Remainder of title | by Gopinath Mahaanti |
| 260 ## - PUBLICATION, DISTRIBUTION, ETC. (IMPRINT) | |
| Place of publication, distribution, etc | नई दिल्ली |
| Name of publisher, distributor, etc | साहित्य अकादेमी |
| Date of publication, distribution, etc | 2007( पु.मु.) |
| 270 ## - ADDRESS | |
| Address | रवीन्द्र भवन, 35, फीरोजशाह मार्ग |
| City | नई दिल्ली |
| Postal code | 110001 |
| 300 ## - PHYSICAL DESCRIPTION | |
| Extent | 814पृ |
| Dimensions | 18सेमी (सजिल्द) |
| 500 ## - GENERAL NOTE | |
| General note | साहित्य अकादेमी द्वारा पुरस्कृत ओड़िया उपन्यास । |
| 505 ## - FORMATTED CONTENTS NOTE | |
| Formatted contents note | राष्ट्रपति भवन |
| 520 ## - SUMMARY, ETC. | |
| Summary, etc | AW |
| 700 ## - ADDED ENTRY--PERSONAL NAME | |
| Personal name | युगजीत नवलपुरी |
| 9 (RLIN) | 24170 |
| 942 ## - ADDED ENTRY ELEMENTS (KOHA) | |
| Source of classification or shelving scheme | Dewey Decimal Classification |
| Item type | Hindi Books |
| Classification part | उ |
| Call number suffix | महांती |
| Withdrawn status | Lost status | Not for loan | Collection code | Home library | Current library | Date acquired | Source of acquisition | Cost, normal purchase price | Full call number | Barcode | Copy number | Cost, replacement price | Koha item type |
|---|---|---|---|---|---|---|---|---|---|---|---|---|---|
| Fiction | Mobile Library | Mobile Library | 27/12/2017 | नॉर्थ इंडिया पब्लिशर्स /315/7/22-12-17/765/16-12-17/27-12-17 | 250.00 | उ महांती | B-685434 | 1 | 250.00 | Hindi Books |
